[Event "Peterborough 4NCL Easter op-A"]
[Site "Peterborough"]
[Date "2024.04.01"]
[Round "6"]
[White "Ali, Golam Shabbir"]
[Black "Alldritt, Nigel RE"]
[Result "0-1"]
[WhiteElo "1894"]
[BlackElo "1977"]
[PlyCount "130"]
[EventDate "2024.03.29"]
[EventType "swiss"]
[EventRounds "7"]
[EventCountry "ENG"]
[SourceTitle "CB14_2024"]
[SourceDate "2024.04.01"]
[SourceVersion "1"]
[SourceVersionDate "2024.04.01"]
[SourceQuality "1"]

1. d4 Nf6 2. c4 g6 3. Nc3 d5 4. cxd5 Nxd5 5. e4 Nxc3 6. bxc3 Bg7 7. Bc4 0-0 8. Ne2 c5 9. 0-0 Nc6 10. d5 Na5 11. Bd3 b6 12. Bg5 Qc7 13. Qe1 e6 14. Rd1 e5 15. f4 Qd6 16. Qh4 f6 17. Bh6 c4 18. Bxg7 Kxg7 19. Bc2 Bd7 20. Rf3 h6 21. Rdf1 g5 22. Qh5 Be8 23. Qg4 Bd7 24. Qg3 Rae8 25. Kh1 Nb7 26. f5 Nc5 27. Qg4 Rb8 28. Rh3 Rh8 29. Qg3 Nb7 30. Qg4 Qe7 31. Re3 h5 32. Qg3 h4 33. Qe1 b5 34. Ng1 Rbg8 35. Nf3 Kf7 36. Nd2 Qc5 37. Qe2 Nd6 38. Rb1 a5 39. Re1 Rb8 40. Nf3 b4 41. Nd4 exd4 42. cxd4 Qxd4 43. e5 Rbe8 44. e6+ Kg7 45. exd7 Rxe3 46. Qxe3 Qxe3 47. Rxe3 Rd8 48. Ba4 c3 49. Re7+ Kf8 50. Re6 Nf7 51. Re8+ Kg7 52. Re7 c2 53. Bxc2 Kf8 54. Re8+ Rxe8 55. dxe8Q+ Kxe8 56. Kg1 Ke7 57. Kf2 Kd6 58. Ke3 Ke5 59. g4 hxg3 60. hxg3 Nd6 61. Bb3 Nxf5+ 62. Kf2 Nd4 63. Bc4 Nf5 64. Kf3 a4 65. Kg4 Ne3+ 0-1

[Event "Peterborough 4NCL Easter op-A"]
[Site "Peterborough"]
[Date "2024.03.31"]
[Round "4"]
[White "Ali, Golam Shabbir"]
[Black "Wynarczyk, Raymond"]
[Result "1-0"]
[WhiteElo "1894"]
[BlackElo "1858"]
[PlyCount "88"]
[EventDate "2024.03.29"]
[EventType "swiss"]
[EventRounds "7"]
[EventCountry "ENG"]
[SourceTitle "CB14_2024"]
[SourceDate "2024.04.01"]
[SourceVersion "1"]
[SourceVersionDate "2024.04.01"]
[SourceQuality "1"]

1. d4 d5 2. c4 e6 3. Nf3 Nf6 4. Bg5 Bb4+ 5. Nc3 dxc4 6. e4 c5 7. e5 cxd4 8. exf6 gxf6 9. Bd2 dxc3 10. bxc3 Bc5 11. Bxc4 Qc7 12. Qe2 Nc6 13. 0-0 Bd7 14. Rab1 Bb6 15. Bh6 Rg8 16. g3 Ne5 17. Bb5 Nxf3+ 18. Qxf3 Bxb5 19. Rxb5 Qc6 20. Qe2 0-0-0 21. Rfb1 Rd5 22. R5b4 Rgd8 23. h4 Rd3 24. Kh2 Rxc3 25. R1b2 Rd4 26. Rxd4 Bxd4 27. Qg4 Rxg3 28. fxg3 Bxb2 29. Qg8+ Kc7 30. Qxh7 Be5 31. Qxf7+ Qd7 32. Qg6 f5 33. h5 Qd5 34. Bg7 Qxa2+ 35. Kh3 Qd5 36. Bxe5+ Qxe5 37. h6 Qe1 38. Kh4 Qe4+ 39. Kg5 Qe3+ 40. Kf6 Kd6 41. Kf7 Qc3 42. Qxe6+ Kc7 43. Qe7+ Kb6 44. Qf6+ Kc7 1-0

[Event "Peterborough 4NCL Easter op-A"]
[Site "Peterborough"]
[Date "2024.03.31"]
[Round "5"]
[White "Hutchinson, Paul A"]
[Black "Ali, Golam Shabbir"]
[Result "0-1"]
[WhiteElo "2006"]
[BlackElo "1894"]
[PlyCount "102"]
[EventDate "2024.03.29"]
[EventType "swiss"]
[EventRounds "7"]
[EventCountry "ENG"]
[SourceTitle "CB14_2024"]
[SourceDate "2024.04.01"]
[SourceVersion "1"]
[SourceVersionDate "2024.04.01"]
[SourceQuality "1"]

1. d4 Nc6 2. c4 e5 3. d5 Nce7 4. e4 Nf6 5. Nc3 Ng6 6. h4 h5 7. a3 Bc5 8. Bg5 d6 9. Be2 Nf4 10. Bf3 Bg4 11. g3 Ng6 12. Bxg4 hxg4 13. f3 Nf8 14. Qa4+ Ke7 15. f4 N8h7 16. Nge2 Be3 17. Rf1 Nxg5 18. fxg5 Nd7 19. Qc2 c6 20. Rd1 c5 21. Rd3 Bd4 22. Nc1 Nb6 23. b3 Qd7 24. Qe2 Raf8 25. Rf5 a6 26. Nd1 g6 27. Rf6 Qc8 28. Ne3 Nd7 29. Nxg4 Nxf6 30. Nxf6 Qh3 31. Rf3 Bg1 32. Qd2 Rxh4 33. Ne2 Qg2 34. gxh4 Qxf3 35. Nxg1 Qg3+ 36. Kf1 Qxb3 37. Qe2 b5 38. cxb5 axb5 39. Nf3 Ra8 40. Nd2 Qh3+ 41. Qg2 Qxh4 42. Qg4 Qxg4 43. Nxg4 Rxa3 44. Ke2 c4 45. Ne3 c3 46. Nb1 Rb3 47. Kd3 Rxb1 48. Kxc3 b4+ 49. Kc2 Rg1 50. Nc4 Rxg5 51. Na5 Rg4 0-1

[Event "Peterborough 4NCL Easter op-A"]
[Site "Peterborough"]
[Date "2024.03.30"]
[Round "2"]
[White "Ali, Golam Shabbir"]
[Black "Guthrie, David"]
[Result "0-1"]
[WhiteElo "1894"]
[BlackElo "2129"]
[PlyCount "42"]
[EventDate "2024.03.29"]
[EventType "swiss"]
[EventRounds "7"]
[EventCountry "ENG"]
[SourceTitle "CB14_2024"]
[SourceDate "2024.04.01"]
[SourceVersion "1"]
[SourceVersionDate "2024.04.01"]
[SourceQuality "1"]

1. d4 d5 2. c4 c6 3. Nc3 Nf6 4. Nf3 e6 5. Bg5 dxc4 6. a4 Bb4 7. e4 Bxc3+ 8. bxc3 Qa5 9. Bxf6 Qxc3+ 10. Nd2 gxf6 11. Rc1 Qxd4 12. Rxc4 Qd6 13. Qg4 Nd7 14. f4 b6 15. Rc3 Bb7 16. Rd3 Qb4 17. Qg7 0-0-0 18. Rb3 Qa5 19. Qg3 Nc5 20. Rc3 Rxd2 21. Rxc5 bxc5 0-1

[Event "Birmingham op"]
[Site "Birmingham"]
[Date "2022.11.20"]
[Round "4"]
[White "Ali, Golam Shabbir"]
[Black "Gordon, Sean2222"]
[Result "1-0"]
[WhiteElo "1936"]
[BlackElo "1869"]
[PlyCount "89"]
[EventDate "2022.11.19"]
[EventType "swiss"]
[EventRounds "5"]
[EventCountry "ENG"]
[SourceTitle "CBM 211 Extra"]
[Source "ChessBase"]
[SourceDate "2023.01.31"]
[SourceVersion "1"]
[SourceVersionDate "2023.01.31"]
[SourceQuality "1"]

1. d4 d5 2. c4 c6 3. Nc3 Nf6 4. Nf3 e6 5. Bg5 dxc4 6. e3 b5 7. a4 Bb4 8. Be2 0-0 9. 0-0 Bxc3 10. bxc3 Nbd7 11. Qb1 Qb6 12. axb5 cxb5 13. Bxf6 Nxf6 14. Bxc4 Bd7 15. Bd3 Rfb8 16. Ne5 Be8 17. Qd1 a5 18. Qf3 a4 19. g4 Ra7 20. g5 Nd5 21. Qh3 g6 22. Qh6 Rc7 23. Ng4 f5 24. gxf6 Qd6 25. c4 bxc4 26. Bxc4 Qf8 27. Bxd5 exd5 28. Qf4 Rbc8 29. Nh6+ Kh8 30. Qe5 Bf7 31. Nxf7+ Qxf7 32. Rxa4 Rc6 33. Ra7 Qxf6 34. Qxd5 R8c7 35. Rxc7 Rxc7 36. Qe5 Qxe5 37. dxe5 Re7 38. f4 Kg7 39. Kg2 Kf7 40. Rd1 Rc7 41. Kf3 Ke7 42. h4 Rc2 43. Ra1 Rc7 44. Ra3 Kf7 45. Ke4 1-0

[Event "BCF-chT4S 1920 (4NCL)"]
[Site "England"]
[Date "2020.02.09"]
[Round "6.83"]
[White "Fielding, Michael"]
[Black "Ali, Golam Shabbir"]
[Result "0-1"]
[WhiteElo "1793"]
[BlackElo "1824"]
[PlyCount "118"]
[EventDate "2019.11.09"]
[EventType "team-swiss"]
[EventRounds "11"]
[EventCountry "ENG"]
[SourceTitle "EXT 2022"]
[Source "ChessBase"]
[SourceDate "2021.10.06"]
[SourceVersion "1"]
[SourceVersionDate "2021.10.06"]
[SourceQuality "1"]
[WhiteTeam "War and Piece"]
[BlackTeam "Warwicks Select II"]
[WhiteTeamCountry "ENG"]
[BlackTeamCountry "ENG"]

1. e4 c5 2. Nc3 d6 3. g3 Nc6 4. Bg2 Nf6 5. d3 Bg4 6. Nge2 e6 7. 0-0 Be7 8. f3 Bh5 9. Be3 0-0 10. Nf4 Bg6 11. Nxg6 hxg6 12. f4 d5 13. Bf2 d4 14. Ne2 Qb6 15. Rb1 a5 16. h3 Rad8 17. g4 c4 18. dxc4 Bc5 19. Nc1 d3 20. cxd3 Rd7 21. e5 Nh7 22. Bxc6 Qxc6 23. Bxc5 Qxc5+ 24. Kg2 g5 25. Qf3 f6 26. Nb3 Qa7 27. Qe4 gxf4 28. Rxf4 Ng5 29. Qe2 Rfd8 30. Rd1 a4 31. Nc1 Qb8 32. Re1 b6 33. Qe3 Qb7+ 34. Kg3 Nf7 35. exf6 e5 36. Rf5 g6 37. Rf3 Rd4 38. Qe2 Qc7 39. Kg2 e4 40. Re3 Ng5 41. Qf2 Nf3 42. Rxf3 exf3+ 43. Qxf3 Rf4 44. Re7 Qd6 45. f7+ Kf8 46. Re8+ Rxe8 47. fxe8Q+ Kxe8 48. Qa8+ Ke7 49. Qxa4 Qd4 50. Qc2 Kf7 51. Qe2 Qc5 52. Nb3 Qc6+ 53. Kg1 Qf6 54. Qg2 Rf3 55. Nc1 Qf4 56. Ne2 Qe3+ 57. Kh1 Rxh3+ 58. Qxh3 Qxh3+ 59. Kg1 Qxd3 0-1

[Event "BCF-chT4S 1819 (4NCL)"]
[Site "England"]
[Date "2019.02.10"]
[Round "6.73"]
[White "Ali, Golam Shabbir"]
[Black "Kelmendi, Bajrush"]
[Result "1-0"]
[WhiteElo "1782"]
[BlackElo "1985"]
[PlyCount "103"]
[EventDate "2018.11.17"]
[EventType "team-swiss"]
[EventRounds "11"]
[EventCountry "ENG"]
[SourceTitle "EXT 2021"]
[Source "ChessBase"]
[SourceDate "2020.10.23"]
[SourceVersion "1"]
[SourceVersionDate "2020.10.23"]
[SourceQuality "1"]
[WhiteTeam "Warwicks Select II"]
[BlackTeam "Celtic Tigers II"]
[WhiteTeamCountry "ENG"]
[BlackTeamCountry "ENG"]

1. d4 g6 2. c4 Bg7 3. Nc3 b6 4. e4 Bb7 5. Nf3 e6 6. Bg5 Ne7 7. Be2 h6 8. Bh4 a6 9. 0-0 d6 10. Qd3 Nd7 11. Rad1 c6 12. e5 dxe5 13. Ne4 Qc7 14. Bxe7 Kxe7 15. Qa3+ c5 16. d5 exd5 17. cxd5 Kf8 18. b4 f5 19. d6 Qc6 20. Nc3 e4 21. Nh4 cxb4 22. Nxg6+ Kg8 23. Qb3+ Kh7 24. Nd5 Nc5 25. Qg3 Rhf8 26. Bh5 Nd3 27. Nde7 Qd7 28. f3 f4 29. Nxf8+ Rxf8 30. Qg6+ Kh8 31. Rxd3 Rf6 32. Bg4 Qd8 33. Qh5 exd3 34. Nf5 d2 35. Rd1 Bc8 36. Nxg7 Kxg7 37. Rxd2 Bd7 38. Qe5 Bxg4 39. fxg4 Qd7 40. h4 Kf7 41. g5 hxg5 42. hxg5 Rf5 43. Qe4 a5 44. Rd5 Rxd5 45. Qxd5+ Kg6 46. Qe4+ Kg7 47. Qxf4 b5 48. Qf6+ Kg8 49. g6 b3 50. axb3 a4 51. Qe7 Qf5 52. Qh7+ 1-0

[Event "Telford 4NCL op-A 19th"]
[Site "Telford"]
[Date "2018.07.14"]
[Round "2"]
[White "Ali, Golam Shabbir"]
[Black "Woltery, Nicolai"]
[Result "0-1"]
[WhiteElo "1881"]
[BlackElo "1715"]
[PlyCount "62"]
[EventDate "2018.07.13"]
[EventType "swiss"]
[EventRounds "5"]
[EventCountry "ENG"]
[SourceTitle "CBM 185 Extra"]
[Source "ChessBase"]
[SourceDate "2018.07.29"]
[SourceVersion "1"]
[SourceVersionDate "2018.07.29"]
[SourceQuality "1"]

1. d4 Nf6 2. c4 c5 3. d5 b5 4. cxb5 a6 5. f3 g6 6. e4 d6 7. Nc3 Bg7 8. Bc4 Nbd7 9. bxa6 Bxa6 10. Qd3 Qa5 11. Bxa6 Qxa6 12. Qxa6 Rxa6 13. Nb5 0-0 14. Nh3 Rfa8 15. a3 Rb8 16. Nc3 c4 17. Kd1 Nc5 18. Nf2 Nfd7 19. Kc2 Ne5 20. Be3 Ned3 21. Rab1 Rab6 22. b4 cxb3+ 23. Kd2 Ne5 24. Bxc5 dxc5 25. Na4 Ra6 26. Nxc5 Rxa3 27. Ng4 Nc4+ 28. Ke2 b2 29. Rhd1 Ra1 30. e5 Rxb1 31. Rxb1 Na3 0-1

[Event "Coventry 4NCL op-B 16th"]
[Site "Coventry"]
[Date "2017.11.04"]
[Round "3"]
[White "De Coverly, Roger D"]
[Black "Ali, Golam Shabbir"]
[Result "0-1"]
[WhiteElo "1917"]
[BlackElo "1871"]
[PlyCount "128"]
[EventDate "2017.11.03"]
[EventType "swiss"]
[EventRounds "5"]
[EventCountry "ENG"]
[SourceTitle "CBM 181 Extra"]
[Source "ChessBase"]
[SourceDate "2017.12.12"]
[SourceVersion "1"]
[SourceVersionDate "2017.12.12"]
[SourceQuality "1"]

1. e4 c5 2. Nf3 d6 3. d4 cxd4 4. Nxd4 Nf6 5. Nc3 a6 6. Bg5 e6 7. f4 Be7 8. Qf3 Qc7 9. 0-0-0 Nc6 10. Nxc6 Qxc6 11. Bd3 b5 12. Rhe1 b4 13. Bxf6 gxf6 14. Ne2 Rb8 15. Kb1 Bb7 16. Nd4 Qc5 17. Qg3 Qh5 18. f5 e5 19. Nb3 Kf8 20. h3 Rg8 21. Qe3 Kg7 22. Na5 Bd8 23. Nxb7 Rxb7 24. Bxa6 Bb6 25. Qe2 Qxe2 26. Bxe2 Bd4 27. g4 Rc7 28. Rd3 Rgc8 29. Rc1 Ra7 30. Rb3 Rca8 31. Rxb4 Rxa2 32. c3 Be3 33. Rd1 Ra1+ 34. Kc2 Rxd1 35. Bxd1 Ra1 36. Be2 Rh1 37. Bc4 Rxh3 38. Rb7 Kh6 39. Bxf7 Kg5 40. Bh5 Kf4 41. Rb4 Rh2+ 42. Kb3 h6 43. Ka4 Bc5 44. Rb7 Kxe4 45. b4 Be3 46. Kb5 Rc2 47. c4 Kd4 48. Bf7 Kc3 49. Kc6 Bd4 50. b5 e4 51. Re7 Be5 52. g5 hxg5 53. b6 e3 54. b7 Rb2 55. Bh5 Kd3 56. Kc7 Kxc4 57. Be2+ Kc3 58. b8Q Rxb8 59. Kxb8 Kd2 60. Bf3 e2 61. Bxe2 Kxe2 62. Kc7 g4 63. Kd7 g3 64. Ke6 g2 0-1

[Event "West Bromwich Midland op-A"]
[Site "West Bromwich"]
[Date "2017.08.12"]
[Round "2"]
[White "Hunt, Malcolm A"]
[Black "Ali, Golam Shabbir"]
[Result "1-0"]
[WhiteElo "2039"]
[BlackElo "1859"]
[PlyCount "59"]
[EventDate "2017.08.11"]
[EventType "swiss"]
[EventRounds "5"]
[EventCountry "ENG"]
[SourceTitle "CBM 180 Extra"]
[Source "ChessBase"]
[SourceDate "2017.10.06"]
[SourceVersion "1"]
[SourceVersionDate "2017.10.06"]
[SourceQuality "1"]

1. d4 Nf6 2. Nf3 e6 3. Bf4 d5 4. e3 Nh5 5. Bg3 Nxg3 6. hxg3 Nd7 7. Nbd2 Bd6 8. e4 b5 9. exd5 exd5 10. Bxb5 0-0 11. Bd3 Re8+ 12. Kf1 Nf6 13. c3 Ne4 14. Qc2 f5 15. Re1 Rb8 16. Kg1 c5 17. c4 cxd4 18. cxd5 Bb4 19. Bxe4 Bxd2 20. Nxd2 Ba6 21. Nf3 fxe4 22. Rxe4 d3 23. Qa4 Bb5 24. Qd4 Rc8 25. Rhh4 Rc4 26. Qe3 Rcxe4 27. Rxe4 Rf8 28. Qd4 h6 29. d6 Bc6 30. Qc4+ 1-0

[Event "BCF-chT2 1617 (4NCL) Demotion pool"]
[Site "England"]
[Date "2017.05.01"]
[Round "11.56"]
[White "Golding, James"]
[Black "Ali, Golam Shabbir"]
[Result "1-0"]
[WhiteElo "1986"]
[BlackElo "1967"]
[PlyCount "91"]
[EventDate "2016.11.19"]
[EventType "team-tourn"]
[EventRounds "11"]
[EventCountry "ENG"]
[SourceTitle "EXT 2019"]
[Source "ChessBase"]
[SourceDate "2018.10.10"]
[SourceVersion "1"]
[SourceVersionDate "2018.10.10"]
[SourceQuality "1"]
[WhiteTeam "KJCA Kings"]
[BlackTeam "Warwicks Select II"]
[WhiteTeamCountry "ENG"]
[BlackTeamCountry "ENG"]

1. d4 Nf6 2. c4 e6 3. Nf3 d5 4. Nc3 c6 5. Bg5 Be7 6. e3 Nbd7 7. Rc1 h6 8. Bh4 0-0 9. Bd3 dxc4 10. Bxc4 b5 11. Bd3 Bb7 12. 0-0 a6 13. Bxf6 Bxf6 14. Ne4 Be7 15. Nfd2 f5 16. Nc3 c5 17. Nf3 Qe8 18. Re1 Qg6 19. e4 Bf6 20. exf5 exf5 21. Qb3+ Kh8 22. Nd5 Rac8 23. Be2 c4 24. Nf4 Qf7 25. Qa3 g5 26. Ne5 Nxe5 27. Bh5 Qg8 28. dxe5 gxf4 29. f3 Bh4 30. Red1 Qg5 31. Rd7 Rg8 32. Rc2 Bc6 33. Rd6 Qxh5 34. Qxa6 Rgd8 35. Rcd2 Qg5 36. a3 Bxf3 37. Rxd8+ Rxd8 38. Rxd8+ Qxd8 39. Qxh6+ Kg8 40. Qg6+ Kf8 41. Qxf5+ Ke7 42. gxf3 Qg8+ 43. Kf1 Qf7 44. Qg4 Qh7 45. Qxf4 Qc2 46. Qxh4+ 1-0

[Event "BCF-chT2a 1617 (4NCL)"]
[Site "England"]
[Date "2017.02.11"]
[Round "5.36"]
[White "Ali, Golam Shabbir"]
[Black "Milson, Samuel"]
[Result "0-1"]
[WhiteElo "1967"]
[BlackElo "2092"]
[PlyCount "64"]
[EventDate "2016.11.19"]
[EventType "team-tourn"]
[EventRounds "11"]
[EventCountry "ENG"]
[SourceTitle "EXT 2019"]
[Source "ChessBase"]
[SourceDate "2018.10.10"]
[SourceVersion "1"]
[SourceVersionDate "2018.10.10"]
[SourceQuality "1"]
[WhiteTeam "Warwicks Select II"]
[BlackTeam "Grantham Sharks II"]
[WhiteTeamCountry "ENG"]
[BlackTeamCountry "ENG"]

1. d4 d5 2. e4 e6 3. Nc3 Nf6 4. Bg5 Be7 5. e5 Nfd7 6. Bxe7 Qxe7 7. Nf3 0-0 8. Bd3 c5 9. 0-0 Nc6 10. Re1 a6 11. h4 h6 12. Ng5 cxd4 13. Nxd5 exd5 14. e6 hxg5 15. exd7 Qxd7 16. Qh5 g6 17. Qxg5 Qg4 18. Qh6 Bd7 19. Be2 Qf5 20. g4 Qf6 21. h5 Ne5 22. g5 Qf4 23. Rad1 Bg4 24. hxg6 fxg6 25. Bxg4 Qxg4+ 26. Kf1 Qf5 27. Re2 Ng4 28. Qh4 Ne3+ 29. Rxe3 dxe3 30. Rd3 Qxf2+ 31. Qxf2 exf2 32. Rxd5 Rae8 0-1

[Event "West Bromwich 4NCL op-B 9th"]
[Site "West Bromwich"]
[Date "2016.07.10"]
[Round "4.2"]
[White "Ireland, David J"]
[Black "Ali, Golam Shabbir"]
[Result "1-0"]
[WhiteElo "1914"]
[BlackElo "1853"]
[PlyCount "87"]
[EventDate "2016.07.08"]
[EventType "swiss"]
[EventRounds "5"]
[EventCountry "ENG"]
[SourceTitle "EXT 2023"]
[Source "ChessBase"]
[SourceDate "2022.10.05"]
[SourceVersion "1"]
[SourceVersionDate "2022.10.05"]
[SourceQuality "1"]

1. e4 c5 2. Nf3 d6 3. d4 cxd4 4. Qxd4 Nc6 5. Bb5 Bd7 6. Bxc6 Bxc6 7. Nc3 e5 8. Qd3 Be7 9. 0-0 h6 10. Nd5 Nf6 11. c4 Nxd5 12. cxd5 Bd7 13. Be3 0-0 14. Nd2 f5 15. exf5 Bxf5 16. Ne4 Qe8 17. f3 Rc8 18. Rac1 Qg6 19. Bxa7 Bh3 20. Qe2 Ra8 21. Be3 Rxa2 22. Rc7 Bd8 23. Rxb7 Bc8 24. Ra7 Rxa7 25. Bxa7 Rf7 26. Be3 Bf5 27. Bf2 Rb7 28. Ra1 Bxe4 29. fxe4 Bg5 30. Ra4 Kh7 31. g3 h5 32. b4 h4 33. Qg4 hxg3 34. hxg3 Rc7 35. b5 Rc1+ 36. Kg2 Rc2 37. Ra1 Qf7 38. Qf3 Qg6 39. Rh1+ Kg8 40. Rb1 Qh6 41. b6 Be3 42. b7 Bxf2 43. b8Q+ Kh7 44. Qf5+ 1-0

[Event "BCF-chT3Sb 1516 (4NCL)"]
[Site "England"]
[Date "2016.01.16"]
[Round "3.119"]
[White "Garnett, John S"]
[Black "Ali, Golam Shabbir"]
[Result "1-0"]
[WhiteElo "1969"]
[BlackElo "2012"]
[PlyCount "97"]
[EventDate "2015.11.14"]
[EventType "team-swiss"]
[EventRounds "7"]
[EventCountry "ENG"]
[SourceTitle "CBM 170 Extra"]
[Source "ChessBase"]
[SourceDate "2016.02.25"]
[SourceVersion "1"]
[SourceVersionDate "2016.02.25"]
[SourceQuality "1"]
[WhiteTeam "Ashfield Breadsall"]
[BlackTeam "Warwicks Select II"]
[WhiteTeamCountry "ENG"]
[BlackTeamCountry "ENG"]

1. d4 Nf6 2. Bg5 e6 3. e4 Be7 4. e5 Nd5 5. Bxe7 Qxe7 6. c4 Nf4 7. Nc3 Nc6 8. g3 Ng6 9. h4 d6 10. h5 Nf8 11. Qg4 f6 12. exd6 cxd6 13. Qe4 Bd7 14. Nge2 0-0-0 15. Bg2 Kb8 16. b4 f5 17. Qf3 e5 18. Nd5 Qf7 19. b5 Na5 20. Qc3 b6 21. dxe5 Rc8 22. Qf3 Rxc4 23. Ne3 Re4 24. Nc3 Qc4 25. Nxe4 fxe4 26. Nxc4 exf3 27. Bf1 Nxc4 28. Bxc4 dxe5 29. 0-0-0 Kc7 30. Rhe1 Ne6 31. Bxe6 Bxe6 32. Rxe5 Bxa2 33. Re7+ Kb8 34. Rdd7 g6 35. Rxa7 Bd5 36. Rxh7 Rc8+ 37. Kd2 gxh5 38. Rad7 Ba8 39. Rxh5 Re8 40. Rh6 Re2+ 41. Kc3 Kc8 42. Rg7 Re8 43. Rxb6 Bd5 44. Rh6 Kb8 45. Kd4 Bb7 46. Rhh7 Rd8+ 47. Rd7 Rxd7+ 48. Rxd7 Kc8 49. Rxb7 1-0

[Event "BCF-chT3Sb 1516 (4NCL)"]
[Site "England"]
[Date "2015.11.14"]
[Round "1.99"]
[White "Ali, Golam Shabbir"]
[Black "Amato, Giampiero"]
[Result "0-1"]
[WhiteElo "2012"]
[BlackElo "1972"]
[PlyCount "124"]
[EventDate "2015.11.14"]
[EventType "team-swiss"]
[EventRounds "7"]
[EventCountry "ENG"]
[SourceTitle "CBM 169 Extra"]
[Source "ChessBase"]
[SourceDate "2015.12.18"]
[SourceVersion "1"]
[SourceVersionDate "2015.12.18"]
[SourceQuality "1"]

1. d4 Nf6 2. Nf3 g6 3. c4 Bg7 4. b3 0-0 5. Bb2 d5 6. e3 c5 7. Nbd2 Nc6 8. Be2 cxd4 9. Nxd4 Nxd4 10. Bxd4 Re8 11. f4 dxc4 12. bxc4 Be6 13. Rb1 b6 14. g4 Rc8 15. 0-0 Qd7 16. h3 Red8 17. Qe1 h5 18. Nf3 hxg4 19. Ne5 Qc7 20. hxg4 Nd7 21. Qg3 Nxe5 22. fxe5 Bxc4 23. Rfc1 b5 24. Bf3 Qd7 25. Rd1 Qe6 26. Rb2 a6 27. Rh2 Bd5 28. Bxd5 Rxd5 29. Rf1 Rd7 30. Qh3 Rdc7 31. Qh7+ Kf8 32. Rhf2 Rc1 33. Qh3 Rxf1+ 34. Rxf1 Kg8 35. Qf3 Qc4 36. Qb7 Qe6 37. Qg2 Qc6 38. Qf2 Qd5 39. g5 Rc7 40. Bb6 Rd7 41. Bd4 Rc7 42. Qh2 Rc8 43. Qb2 Qe6 44. Rf4 Rc4 45. Qf2 Qc6 46. Qh4 Rc1+ 47. Rf1 Rxf1+ 48. Kxf1 Qc4+ 49. Kg1 Qxa2 50. Qe4 Qe6 51. Qa8+ Bf8 52. Qb7 Qg4+ 53. Kf1 Qh3+ 54. Ke2 Qh2+ 55. Kd3 Qa2 56. e6 Qxe6 57. Qh1 f6 58. gxf6 exf6 59. Qh4 Qc4+ 60. Ke4 f5+ 61. Ke5 Qc7+ 62. Ke6 Qd6# 0-1

[Event "Birmingham 4NCL op-B 3rd"]
[Site "Birmingham"]
[Date "2015.07.18"]
[Round "3"]
[White "Mao, Ximan"]
[Black "Ali, Golam Shabbir"]
[Result "1-0"]
[WhiteElo "1763"]
[BlackElo "1857"]
[PlyCount "105"]
[EventDate "2015.07.17"]
[EventType "swiss"]
[EventRounds "5"]
[EventCountry "ENG"]
[SourceTitle "CBM 167 Extra"]
[Source "ChessBase"]
[SourceDate "2015.09.14"]
[SourceVersion "1"]
[SourceVersionDate "2015.09.14"]
[SourceQuality "1"]

1. d4 Nf6 2. c4 e6 3. Nc3 d5 4. cxd5 exd5 5. Bg5 Be7 6. e3 c6 7. Bd3 h6 8. Bh4 Bg4 9. Qb3 b6 10. h3 Be6 11. Nge2 g5 12. Bg3 Bd6 13. Rc1 Bxg3 14. Nxg3 c5 15. Qa4+ Nbd7 16. dxc5 bxc5 17. Nf5 Bxf5 18. Bxf5 0-0 19. Bxd7 d4 20. Bc6 dxc3 21. Rd1 cxb2 22. Rxd8 b1Q+ 23. Rd1 Qb2 24. Bxa8 Qc3+ 25. Rd2 Rxa8 26. Qc2 Qb4 27. 0-0 Rb8 28. Rd6 Kg7 29. Qf5 Ne4 30. Rd7 Qc4 31. Qe5+ Nf6 32. Rxa7 Re8 33. Qb2 g4 34. Rc1 Qe6 35. hxg4 Qxg4 36. Ra6 Qg5 37. Rc6 Re6 38. R1xc5 Qg4 39. Qa1 Kg6 40. Qb1+ Kg7 41. f3 Qg3 42. Rxe6 fxe6 43. Rb5 h5 44. Rb7+ Kh6 45. a4 h4 46. Rf7 Qe5 47. Qe1 Nh5 48. f4 Qe4 49. Qxh4 Qxe3+ 50. Kh2 Kg6 51. Rf8 Qc5 52. Qg4+ Kh6 53. Rh8# 1-0

[Event "Birmingham 4NCL op-B 1st"]
[Site "Birmingham"]
[Date "2015.01.31"]
[Round "3"]
[White "Pozimski, Szymon"]
[Black "Ali, Golam Shabbir"]
[Result "1-0"]
[WhiteElo "1846"]
[BlackElo "1867"]
[PlyCount "136"]
[EventDate "2015.01.30"]
[EventType "swiss"]
[EventRounds "5"]
[EventCountry "ENG"]
[SourceTitle "EXT 2023"]
[Source "ChessBase"]
[SourceDate "2022.10.05"]
[SourceVersion "1"]
[SourceVersionDate "2022.10.05"]
[SourceQuality "1"]

1. e4 c5 2. Nf3 d6 3. Bb5+ Bd7 4. Bxd7+ Nxd7 5. 0-0 Ngf6 6. Qe2 Qc7 7. b3 e6 8. Bb2 Ne5 9. c4 Be7 10. d4 cxd4 11. Bxd4 0-0 12. Nbd2 Rad8 13. Rfd1 Nc6 14. Bb2 d5 15. cxd5 exd5 16. e5 Ng4 17. h3 Nh6 18. a3 Qc8 19. b4 a6 20. Rac1 Qe6 21. Nb3 f6 22. Nbd4 Nxd4 23. Nxd4 Qb6 24. Rc2 fxe5 25. Qxe5 Bd6 26. Qxd5+ Kh8 27. Qb3 Be5 28. Rcd2 Qf6 29. Nf3 Rxd2 30. Rxd2 Bxb2 31. Qxb2 Qg6 32. Qc2 Nf5 33. Qe4 h6 34. Rd5 Qf6 35. Kh2 Nd6 36. Qd4 Nb5 37. Qxf6 Rxf6 38. Rd3 g5 39. a4 Nd6 40. Ne5 Kg7 41. Nd7 Re6 42. Nc5 Rf6 43. f3 Kg6 44. Nd7 Re6 45. Nf8+ Kf6 46. Nxe6 Kxe6 47. h4 Ke5 48. hxg5 hxg5 49. Kh3 Nc4 50. Rd7 Nd6 51. Kg4 b5 52. axb5 axb5 53. Kxg5 Ke6 54. Rxd6+ Kxd6 55. f4 Kd5 56. f5 Kc4 57. f6 Kxb4 58. f7 Ka3 59. f8Q+ b4 60. Qa8+ Kb2 61. Qh8+ Ka2 62. g4 b3 63. Qa8+ Kb1 64. Qe4+ Ka2 65. Qa4+ Kb2 66. Kf4 Kc2 67. Qc4+ Kb2 68. Ke3 Ka2 1-0

[Event "BCF-chT3S 1314 (4NCL)"]
[Site "England"]
[Date "2013.11.17"]
[Round "2.149"]
[White "Deighton, Simon"]
[Black "Ali, Golam Shabbir"]
[Result "1-0"]
[WhiteElo "1986"]
[BlackElo "1853"]
[PlyCount "120"]
[EventDate "2013.11.16"]
[EventType "team-swiss"]
[EventRounds "6"]
[EventCountry "ENG"]
[SourceTitle "CBM 157 Extra"]
[Source "ChessBase"]
[SourceDate "2013.12.19"]
[SourceVersion "1"]
[SourceVersionDate "2013.12.19"]
[SourceQuality "1"]
[WhiteTeam "Leeds University Old Boys"]
[BlackTeam "Warwicks Select II"]
[WhiteTeamCountry "ENG"]
[BlackTeamCountry "ENG"]

1. d4 d5 2. c4 e6 3. Nc3 Nf6 4. cxd5 exd5 5. Bg5 Be7 6. e3 c6 7. Bd3 h6 8. Bh4 Be6 9. Nge2 Qb6 10. 0-0 Nbd7 11. Qc2 g5 12. Bg3 Nh5 13. a3 Nxg3 14. Nxg3 c5 15. Na4 Qc6 16. Nxc5 Rc8 17. Qe2 Bxc5 18. dxc5 Qxc5 19. Nf5 Bxf5 20. Bxf5 Rc7 21. Bxd7+ Kxd7 22. Qg4+ Ke7 23. Rad1 Rd8 24. h4 Rg8 25. Rd4 Rg6 26. Rfd1 gxh4 27. Qxh4+ Ke6 28. e4 Qe7 29. exd5+ Kd6 30. Qf4+ Qe5 31. Qd2 Rc8 32. Qb4+ Kd7 33. Qxb7+ Rc7 34. Qb5+ Kd8 35. Qb8+ Kd7 36. d6 Rc2 37. Qb7+ Kd8 38. d7 Rb6 39. Qa8+ Rb8 40. Re4 Rxa8 41. Rxe5 Kc7 42. Re8 Rd8 43. Re7 Rxb2 44. Rxf7 Ra2 45. Rd3 Ra1+ 46. Kh2 Ra2 47. g4 a5 48. Kg3 Rb2 49. Rf5 a4 50. Rc5+ Kb7 51. Rh5 Rb3 52. Rxb3+ axb3 53. Rb5+ Kc6 54. Rxb3 Rxd7 55. Rc3+ Kb5 56. f4 Rd5 57. f5 h5 58. Rf3 hxg4 59. Kxg4 Kc6 60. f6 Kd7 1-0